Women's writing : a challenge to theory /

Bibliographic Details
Other Authors: Monteith, Moira
Format: Book
Language:English
Published: Brighton, Sussex : New York : Harvester Press ; St. Martin's Press, 1986.
Subjects:

MARC

Tag First Indicator Second Indicator Subfields
LEADER 00000cam a2200000 a 4500
001 in00000034404
005 20151007060712.0
008 860409s1986 enk b 00100 eng
010 |a  86010056  
020 |a 0312887981 :  |c $27.50 
035 |a (OCoLC)13498178 
035 |9 AAC1530AM 
040 |a DLC  |c DLC  |d m/c  |d TXA  |d UtOrBLW 
049 |a TXAM  |c [A11116706] 
050 0 0 |a PN471  |b .W58 1986 
082 0 |a 809/.89287  |2 19 
245 0 0 |a Women's writing :  |b a challenge to theory /  |c edited by Moira Monteith. 
264 1 |a Brighton, Sussex :  |b Harvester Press ;  |a New York :  |b St. Martin's Press,  |c 1986. 
300 |a viii, 196 pages ;  |c 23 cm. 
336 |a text  |b txt  |2 rdacontent 
337 |a unmediated  |b n  |2 rdamedia 
338 |a volume  |b nc  |2 rdacarrier 
504 |a Includes bibliographies and index. 
650 0 |a Women authors. 
650 0 |a Literature  |x Women authors  |x History and criticism. 
650 0 |a Feminist literary criticism. 
700 1 |a Monteith, Moira. 
999 |a MARS 
999 f f |s 69538a58-209b-3468-a969-1ba4ab48e2f8  |i fe7637e2-b7dd-3096-9d31-c6554a4d9746  |t 0 
952 f f |p ric  |a Texas A&M University  |b Rellis Campus  |c Joint Library Facility  |d Remote Storage  |t 0  |e PN471 .W58 1986  |h Library of Congress classification  |i unmediated -- volume  |m A14811116706 
998 f f |a PN471 .W58 1986  |t 0  |l Remote Storage